| 000 | | | 05580cfm2a2200000#x 450 |
| 001 | | | 7872e4bf-581a-4fb8-a7dd-ad78e61f3f45 |
| 005 | | | 20240909114428.0 |
| 100 | ## | $a | 20150114l18##1830k l0rusy0189 ca |
| 101 | 0# | $a | rus |
| 102 | ## | $a | RU |
| 200 | 1# | $a | Уездное училище в городе Екатеринодаре Кубанской области. Фасад и план флигеля |
| | $j | до 1830 г. |
| 251 | ## | $c | Дело |
| 801 | #0 | $a | RU |
| | $b | РГИА |
| | $c | 20150114 |
| 801 | #1 | $a | RU |
| | $b | ГлавНИВЦ |
| | $c | 20150114 |
| | $2 | rusmarc |
| 801 | #2 | $a | RU |
| | $b | ПБ им. Б.Н. Ельцина |
| | $c | 20151223 |
| | $g | RCR |
| | $2 | rusmarc |
| 850 | ## | $a | Федеральное казенное учреждение "Российский государственный исторический архив" |
| 852 | ## | $a | РГИА |
| | $j | 225 |
| 937 | ## | $h | РГИА |
| | $d | 12092167 |
| | $a | ASBIBLIO_SCAN |
| 462 | #0 | $1 | 001ee86b81b-e960-47ea-b306-d2b6228ebbd9 |
| | $1 | 2001 |
| | $a | 1796-1888 гг. |
| | $v | Д. 225 |
| | $1 | 251 |
| | $c | Опись |
| | $1 | 852 |
| | $j | 96 |
| 461 | #0 | $1 | 001a74412a3-3cc5-4d21-8f0a-dfe2fbd9e72d |
| | $1 | 2001 |
| | $a | Департамент народного просвещения Министерства народного просвещения |
| | $1 | 251 |
| | $c | Фонд |
| | $1 | 852 |
| | $j | 733 |
| 215 | ## | $a | 1 лист |
| | $c | план. |
| | $d | 46x37 см |
| 371 | ## | $a | Документ не является опубликованным и широко распространяемым |
| 105 | ## | $a | е### |
| 122 | 0# | $a | d1830###### |
| 035 | ## | $a | 7872e4bf-581a-4fb8-a7dd-ad78e61f3f45 |
| 120 | ## | $a | byy |
| 121 | ## | $a | a aaaa a |
| 123 | 1# | $a | a |
| 124 | ## | $a | a |
| | $b | j |
| 206 | ## | $b | В одном английском дюйме 8 саженей |
| 300 | ## | $a | Бумага. Тушь, карандаш, акварель |
| 601 | 02 | $2 | prlib_sh |
| | $3 | LIBNET\UAF\0000113454 |
| | $a | Екатеринодарское духовное училище |
| | $j | Планы |
| 607 | ## | $2 | prlib_sh |
| | $3 | LIBNET\UAF\0000113453 |
| | $a | Краснодар, город |
| | $j | Планы |
| | $x | Планировка и строительство |
| | $z | 19 в. |
| 605 | ## | $2 | acquisition_Prlib |
| | $3 | DITM\AF\0000004872 |
| | $a | Краснодарский край: страницы истории |
| | $l | коллекция |
| 605 | ## | $2 | acquisition_Prlib |
| | $3 | DITM\AF\0000004675 |
| | $a | Территория |
| | $l | коллекция |
| 617 | ## | $2 | prlib_sh |
| | $c | Краснодарский край |
| 617 | ## | $2 | prlib_sh |
| | $c | Кубанская область |
| 686 | ## | $2 | rubbk |
| | $a | 63.3(28-8Куб)5-7я64 |
| | $v | LBC/M |
| 686 | ## | $2 | rubbk |
| | $a | 74.03(28-8Куб)5я64 |
| | $v | LBC/M |